Dvadsať rokov odbornej výchovy učňovského dorastu polygrafického priemyslu na Slovensku 1952-1972

Podrobná bibliografia
Ďalší autori: Kertézs, Tibor (Zostavovateľ, kompilátor)
Médium: Kniha
Jazyk:slovenčina
Fyzický popis:[152] s. 4°
Vydavateľské údaje: Bratislava Odborné učilište pri Polygrafických závodoch 1972
Predmet:

MARC

LEADER 00000cam a2200000 a 4500
001 vtls010607256
003 SK-MaSNL
005 20260302013330.0
008 180814s1972 xo 000 0 slo
015 |a SNBA1972 
040 |a SNK  |b slo  |c SNK  |e AACR2 
041 0 |a slo 
044 |a xo  |c SK 
080 |a 655.1/.3(437.6)"1952/1972"(084.1)  |2 1981 
245 0 0 |a Dvadsať rokov odbornej výchovy učňovského dorastu polygrafického priemyslu na Slovensku  |b 1952-1972  |c zost. redakčná skupina pod vedením Tibora Kertésza 
260 |a Bratislava  |b Odborné učilište pri Polygrafických závodoch  |c 1972 
300 |a [152] s.  |c 4° 
610 2 7 |a Odborné učilištia pri polygrafických závodoch (Bratislava, Slovensko)  |2 SNKKA  |9 656528 
648 7 |a 1952-1972  |2 SNKPH  |9 600692 
650 0 7 |a polygrafia  |2 SNKPH  |9 31181 
655 7 |a pamätnice  |2 SNKPH  |9 282423 
700 1 |a Kertézs, Tibor  |4 com  |9 656529 
958 |a OND 
999 |c 1012593  |d 1014523 
952 |a SNK  |b SNK  |y PREZ  |7 0  |p 17A0967699  |o snkSB 26023  |i snkK 459/78  |8 3  |0 0  |1 0  |4 0  |d 2014-06-30  |f 1  |l 0  |r 2025-03-31 00:00:00  |w 2026-02-24 
952 |a SNK  |b SNK  |y VYP  |7 0  |o snkSB 26023 D1  |i snkK 1331/79  |0 0  |1 0  |4 0  |d 2014-06-30  |l 0  |r 2026-02-24 12:58:10  |w 2026-02-24